| 000 | 00722nam a22002177a 4500 | ||
|---|---|---|---|
| 999 |
_c4610 _d4610 |
||
| 003 | AR-CdUCM | ||
| 008 | 190311b ||||| |||| 00| 0 spa d | ||
| 040 |
_aMUNICIPALIDAD PROVINCIAL DEL CUSCO _cBIBLIOTECA MUNICIPAL DEL CUSCO |
||
| 082 |
_a828.87 / _bJ81 |
||
| 100 |
_aJonvet, Jean _914380 |
||
| 245 |
_aEl teatro y su historia : _bDe la tragedia Griega al hermetismo / |
||
| 260 |
_aBarcelona : _bEdiciones G. P., _c1963. |
||
| 300 |
_a78 páginas ; _bIlustraciones, _c15 cm. |
||
| 500 | _aDonación de Luis Nieto | ||
| 505 | _aContenido: Origen del teatro. | ||
| 650 |
_aHistoria del teatro _914381 |
||
| 650 |
_aClásicos del teatro _914382 |
||
| 650 |
_aTeatro Griego _97549 |
||
| 942 |
_2ddc _cLIBROS |
||
| 945 | _adavv | ||